Wards of Bromley, London (2002 - 2022) - Statistics

General Stats
  • This quiz has been taken 25 times
  • The average score is 4 of 22
Answer Stats
Answer % Correct
Orpington
81%
Biggin Hill
44%
Chislehurst
44%
Shortlands
44%
Bromley Town
31%
Clock House
31%
Crystal Palace
31%
Bickley
25%
Darwin
19%
Copers Cope
13%
Penge and Cator
13%
Plaistow and Sundridge
13%
Bromley Common and Keston
6%
Cray Valley East
6%
Cray Valley West
6%
Hayes and Coney Hall
6%
Petts Wood and Knoll
6%
Chelsfield and Pratts Bottom
0%
Farnborough and Crofton
0%
Kelsey and Eden's Park
0%
Mottingham and Chislehurst North
0%
West Wickenham
0%
No matching quizzes found
Score Distribution
Percent of People with Each Score
Percentile by Number Answered
Your Score History
You have not taken this quiz